[Event "1A liga SSFBiH"]
[Site "Bosanska Krupa, hotel "]
[Date "2018.08.26"]
[Round "2.5"]
[White "Nezirovic, Ozren"]
[Black "Sadikovic, Jasmin"]
[Result "0-1"]
[WhiteElo "2013"]
[BlackElo "2078"]
[PlyCount "84"]
[EventDate "2018.08.25"]
[EventRounds "9"]
[EventCountry "BIH"]
[WhiteTeam "ŠK Gracanica"]
[BlackTeam "ŠK Goražde"]

1. e4 e5 2. Nf3 Nc6 3. Bc4 Bc5 4. c3 Nf6 5. d3 O-O 6. O-O d5 7. exd5 Nxd5 8.
Re1 Nf6 9. h3 e4 10. Ng5 Ne5 11. Nd2 Nxd3 12. Bxd3 exd3 13. Nb3 Bb6 14. Be3 h6
15. Nf3 Bf5 16. Nfd4 Bg6 17. Qf3 Qd5 18. Nd2 Rad8 19. N2b3 Qxf3 20. Nxf3 Rfe8
21. Bxb6 axb6 22. Nbd2 Re2 23. Kf1 Rde8 24. Rxe2 dxe2+ 25. Ke1 c5 26. Nc4 Nd7
27. Kd2 f5 28. Re1 b5 29. Nd6 Ra8 30. a3 b4 31. axb4 Ra2 32. Kc2 f4+ 33. Kc1
cxb4 34. cxb4 Ra4 35. Rxe2 Rxb4 36. Re7 Nc5 37. Ne5 Nb3+ 38. Kd1 Rd4+ 39. Ke2
Rxd6 40. Nxg6 Rxg6 41. Rxb7 Nd4+ 42. Kd3 Ne6 0-1

[Event "1A liga SSFBiH"]
[Site "Bosanska Krupa, hotel "]
[Date "2018.08.26"]
[Round "2.6"]
[White "Obuca, Bajro"]
[Black "Alic, Selmir"]
[Result "1-0"]
[WhiteElo "2066"]
[BlackElo "2051"]
[PlyCount "61"]
[EventDate "2018.08.25"]
[EventRounds "9"]
[EventCountry "BIH"]
[WhiteTeam "ŠK Goražde"]
[BlackTeam "ŠK Gracanica"]

1. e4 e6 2. d4 d5 3. exd5 exd5 4. Bd3 Bd6 5. Nf3 Bg4 6. O-O Ne7 7. Re1 h6 8. h3
Bh5 9. c3 O-O 10. Nbd2 c6 11. Qc2 Nd7 12. Nh4 Qc7 13. Nf1 c5 14. Be3 c4 15. Be2
Bxe2 16. Rxe2 f5 17. Rae1 Rae8 18. Bc1 Rd8 19. Rxe7 Bxe7 20. Rxe7 Qd6 21. Qe2
Rf6 22. Ng3 Rdf8 23. Nh5 R6f7 24. Re6 Qc7 25. Bf4 Qa5 26. Ng6 Rd8 27. Ne5 Nxe5
28. Bxe5 Qxa2 29. Bxg7 Qb1+ 30. Kh2 f4 31. Re8+ 1-0

[Event "1A liga SSFBiH"]
[Site "Bosanska Krupa, hotel "]
[Date "2018.08.26"]
[Round "2.1"]
[White "Mrkonjic, Nenad"]
[Black "Vajic, Goran"]
[Result "1/2-1/2"]
[WhiteElo "2352"]
[BlackElo "2280"]
[PlyCount "34"]
[EventDate "2018.08.25"]
[EventRounds "9"]
[EventCountry "BIH"]
[WhiteTeam "OŠK Živinice"]
[BlackTeam "ŠK Bihac"]

1. d4 f5 2. g3 Nf6 3. Bg2 e6 4. Nf3 d5 5. Bf4 Bd6 6. Bxd6 Qxd6 7. O-O Nbd7 8.
Qd3 O-O 9. Qa3 b6 10. c4 Bb7 11. cxd5 Bxd5 12. Qxd6 cxd6 13. Nc3 Bxf3 14. Bxf3
d5 15. Nb5 Kf7 16. e3 a6 17. Nc3 Ne4 1/2-1/2

[Event "1A liga SSFBiH"]
[Site "Bosanska Krupa, hotel "]
[Date "2018.08.26"]
[Round "2.2"]
[White "Trkulja, Goran"]
[Black "Trumic, Enes"]
[Result "1-0"]
[WhiteElo "2295"]
[BlackElo "2244"]
[PlyCount "105"]
[EventDate "2018.08.25"]
[EventRounds "9"]
[EventCountry "BIH"]
[WhiteTeam "ŠK Bihac"]
[BlackTeam "OŠK Živinice"]

1. d4 Nf6 2. Bf4 d5 3. e3 e6 4. Nf3 Bd6 5. Bxd6 cxd6 6. Nbd2 O-O 7. Be2 Nc6 8.
c4 e5 9. cxd5 Nxd5 10. O-O exd4 11. Nb3 Nf6 12. Nfxd4 Ne5 13. Nb5 d5 14. Qd4
Nc6 15. Qf4 Be6 16. Rfd1 a6 17. Nc3 Qe7 18. Bf3 Rfd8 19. Rd2 a5 20. Rad1 Qb4
21. g3 Ne7 22. e4 Ng6 23. Qe3 Ne5 24. Be2 Re8 25. exd5 Bg4 26. Qf4 Qxf4 27.
gxf4 Nf3+ 28. Bxf3 Bxf3 29. Rc1 a4 30. Nc5 a3 31. b4 b6 32. Nb3 Rad8 33. Rd3
Bg4 34. f3 Bd7 35. Kf2 Rc8 36. Re1 Rxe1 37. Kxe1 Nh5 38. Kd2 Nxf4 39. Rd4 Ng6
40. f4 Nh4 41. Rd3 Nf5 42. d6 Rc4 43. Nd5 Rc8 44. Nxb6 Rd8 45. Nc5 Bb5 46. Nb7
Bxd3 47. Nxd8 Bb5 48. d7 Nd4 49. Nb7 Bxd7 50. Nxd7 Nf3+ 51. Kc3 Nxh2 52. Nd6
Ng4 53. Kd4 1-0

[Event "1A liga SSFBiH"]
[Site "Bosanska Krupa, hotel "]
[Date "2018.08.26"]
[Round "2.3"]
[White "Mahmutbegovic, Muharem"]
[Black "Rajic, Ivan"]
[Result "0-1"]
[WhiteElo "2018"]
[BlackElo "2012"]
[PlyCount "82"]
[EventDate "2018.08.25"]
[EventRounds "9"]
[EventCountry "BIH"]
[WhiteTeam "OŠK Živinice"]
[BlackTeam "ŠK Bihac"]

1. e4 c5 2. Nf3 d6 3. d4 cxd4 4. Nxd4 Nf6 5. Nc3 g6 6. Be3 Bg7 7. Bc4 O-O 8. f3
Nc6 9. Qd2 Bd7 10. Bb3 Rb8 11. Nxc6 bxc6 12. Bxa7 Rb7 13. Be3 Qa5 14. O-O Rc8
15. Ne2 Qc7 16. c4 c5 17. Nc3 Bc6 18. Ba4 Nxe4 19. fxe4 Bxc3 20. Qxc3 Bxa4 21.
Bh6 f6 22. g4 Qd7 23. h3 g5 24. Rf5 Qe6 25. Rxg5+ Kf7 26. Rg7+ Ke8 27. Re1 Bc6
28. Rxh7 Kd7 29. b3 Ra8 30. Re2 Rxa2 31. Rxa2 Qxe4 32. Qc2 Qh1+ 33. Kf2 Be4 34.
Qe2 Bxh7 35. Bf8 Be4 36. g5 Rxb3 37. Ra7+ Kc6 38. Ra6+ Kb7 39. Ra7+ Kb8 40. Qa2
Rf3+ 41. Ke2 Qg2+ 0-1

[Event "1A liga SSFBiH"]
[Site "Bosanska Krupa, hotel "]
[Date "2018.08.26"]
[Round "2.4"]
[White "Arnaut, Armin"]
[Black "Sinanovic, Ermin"]
[Result "0-1"]
[WhiteElo "2070"]
[BlackElo "2155"]
[PlyCount "66"]
[EventDate "2018.08.25"]
[EventRounds "9"]
[EventCountry "BIH"]
[WhiteTeam "ŠK Bihac"]
[BlackTeam "OŠK Živinice"]

1. e4 c5 2. Nc3 d6 3. f4 g6 4. Nf3 Bg7 5. Bb5+ Bd7 6. Bc4 Nc6 7. O-O Nh6 8. h3
Nd4 9. Nxd4 cxd4 10. Ne2 Rc8 11. d3 e6 12. Qe1 O-O 13. Qb4 b5 14. Bb3 a5 15.
Qe1 a4 16. f5 gxf5 17. Qg3 Kh8 18. exf5 Nxf5 19. Rxf5 exf5 20. Bd5 Rxc2 21. Nf4
Be5 22. Qf3 Qe7 23. b3 Rfc8 24. Ba3 Qg5 25. Ne2 Qd2 26. Kf1 b4 27. Bc1 Rxc1+
28. Rxc1 Rxc1+ 29. Nxc1 Qxc1+ 30. Kf2 Qe3+ 31. Qxe3 dxe3+ 32. Kxe3 axb3 33.
axb3 Be6 0-1

[Event "1A liga SSFBiH"]
[Site "Bosanska Krupa, hotel "]
[Date "2018.08.26"]
[Round "2.5"]
[White "Ramic, Mirnes"]
[Black "Stankovic, Dragan"]
[Result "1-0"]
[WhiteElo "2068"]
[BlackElo "1924"]
[PlyCount "57"]
[EventDate "2018.08.25"]
[EventRounds "9"]
[EventCountry "BIH"]
[WhiteTeam "OŠK Živinice"]
[BlackTeam "ŠK Bihac"]

1. e4 c6 2. d4 d5 3. exd5 cxd5 4. c3 Nf6 5. Bd3 Nc6 6. Bf4 e6 7. Nf3 Bd6 8. Bg5
h6 9. Bh4 Qb6 10. b3 Nh5 11. Bg3 Nxg3 12. hxg3 Bd7 13. Nbd2 Rc8 14. Qe2 Ne7 15.
c4 Bb4 16. c5 Qa5 17. O-O Nc6 18. Nb1 Bc3 19. Nxc3 Qxc3 20. Rfc1 Qa5 21. a3 Qd8
22. Ne5 Nxd4 23. Qg4 Nxb3 24. Qxg7 Rf8 25. Ng6 Qe7 26. Nxe7 Kxe7 27. Qxh6 Nxa1
28. Qh4+ Ke8 29. Qb4 1-0

[Event "1A liga SSFBiH"]
[Site "Bosanska Krupa, hotel "]
[Date "2018.08.26"]
[Round "2.6"]
[White "Nuhanovic, Nermin"]
[Black "Salkic, Mahir"]
[Result "0-1"]
[WhiteElo "1827"]
[BlackElo "2020"]
[PlyCount "44"]
[EventDate "2018.08.25"]
[EventRounds "9"]
[EventCountry "BIH"]
[WhiteTeam "ŠK Bihac"]
[BlackTeam "OŠK Živinice"]

1. e4 c5 2. Nf3 Nc6 3. Nc3 d6 4. d4 cxd4 5. Nxd4 Nf6 6. Be2 g6 7. Be3 Bg7 8.
Qd2 Bd7 9. O-O-O O-O 10. f3 a6 11. g4 b5 12. Nxc6 Bxc6 13. h4 Qa5 14. Kb1 b4
15. Nd5 Nxd5 16. exd5 Bc3 17. bxc3 bxc3 18. Qd4 Qa3 19. Bc1 Rfb8+ 20. Ka1 Rb2
21. Bc4 Rab8 22. Bb3 R8xb3 0-1

[Event "1A liga SSFBiH"]
[Site "Bosanska Krupa, hotel "]
[Date "2018.08.26"]
[Round "2.1"]
[White "Buljubasic, Sabahudin"]
[Black "Burnazovic, Ervin"]
[Result "1-0"]
[WhiteElo "2291"]
[BlackElo "2347"]
[PlyCount "57"]
[EventDate "2018.08.25"]
[EventRounds "9"]
[EventCountry "BIH"]
[WhiteTeam "ŠK Banovici"]
[BlackTeam "ŠK Preporod, Zenica"]

1. e4 c5 2. Nf3 d6 3. d4 cxd4 4. Nxd4 Nf6 5. Nc3 a6 6. h3 e5 7. Nde2 Be6 8. g4
Be7 9. Bg2 O-O 10. Be3 Nbd7 11. Ng3 Nb6 12. O-O Nc4 13. Bc1 b5 14. Nf5 b4 15.
Ne2 Rc8 16. Neg3 Re8 17. Nxe7+ Qxe7 18. a3 d5 19. b3 Nb6 20. axb4 Qxb4 21. Bd2
Qc5 22. Rxa6 d4 23. c4 Ra8 24. Ra1 Nfd7 25. Qc2 Ra3 26. Rfb1 Rea8 27. Qb2 Qd6
28. c5 Qxc5 29. b4 1-0

[Event "1A liga SSFBiH"]
[Site "Bosanska Krupa, hotel "]
[Date "2018.08.26"]
[Round "2.2"]
[White "Dizdar, Selim"]
[Black "Avdic, Adnan"]
[Result "1-0"]
[WhiteElo "2298"]
[BlackElo "2203"]
[PlyCount "131"]
[EventDate "2018.08.25"]
[EventRounds "9"]
[EventCountry "BIH"]
[WhiteTeam "ŠK Preporod, Zenica"]
[BlackTeam "ŠK Banovici"]

1. d4 f5 2. e3 Nf6 3. c4 e6 4. Nc3 d5 5. Bd3 c6 6. Bd2 Bd6 7. Qc2 O-O 8. cxd5
cxd5 9. Nb5 Nc6 10. Nxd6 Qxd6 11. O-O-O Nb4 12. Bxb4 Qxb4 13. Kb1 Bd7 14. Qd2
Qxd2 15. Rxd2 Rfc8 16. Nf3 Rc7 17. Ne5 Be8 18. h3 Ne4 19. Bxe4 fxe4 20. Rc1
Rac8 21. Rxc7 Rxc7 22. Rc2 Rxc2 23. Kxc2 Bb5 24. h4 Kf8 25. g4 Ke7 26. g5 Be8
27. Kd2 Bh5 28. Ke1 Kd6 29. Kf1 Bd1 30. Kg2 Be2 31. Kg3 Bh5 32. Kf4 Ke7 33. b4
Kd6 34. g6 h6 35. Nf7+ Ke7 36. Ke5 b6 37. Nd6 Kd7 38. Nb5 a5 39. bxa5 bxa5 40.
Nd6 a4 41. a3 Kc6 42. Kxe6 Bxg6 43. Ke5 Bh7 44. Nc8 Kb5 45. Kxd5 Bg8+ 46. Kxe4
Kc4 47. Nb6+ Kb3 48. Kd3 Kxa3 49. Kc3 g5 50. h5 Bf7 51. d5 Bxh5 52. d6 Bg4 53.
d7 Bxd7 54. Nxd7 h5 55. e4 h4 56. Nf6 Ka2 57. e5 a3 58. Kc2 g4 59. e6 g3 60.
fxg3 hxg3 61. Ne4 g2 62. Nc3+ Ka1 63. e7 g1=Q 64. e8=Q Qf2+ 65. Kb3 Qb2+ 66.
Kc4 1-0

[Event "1A liga SSFBiH"]
[Site "Bosanska Krupa, hotel "]
[Date "2018.08.26"]
[Round "2.4"]
[White "Sestic, Nermin"]
[Black "Rahmanovic, Mesan"]
[Result "1-0"]
[WhiteElo "2153"]
[BlackElo "1925"]
[PlyCount "51"]
[EventDate "2018.08.25"]
[EventRounds "9"]
[EventCountry "BIH"]
[WhiteTeam "ŠK Preporod, Zenica"]
[BlackTeam "ŠK Banovici"]

1. d4 d5 2. Nf3 Nf6 3. Bf4 Nbd7 4. e3 e6 5. Be2 Be7 6. O-O c5 7. h3 Qb6 8. b3
a6 9. Nbd2 Ne4 10. Nxe4 dxe4 11. Nd2 cxd4 12. Nxe4 e5 13. Bg3 dxe3 14. Nc3
exf2+ 15. Bxf2 Bc5 16. Nd5 Bxf2+ 17. Rxf2 O-O 18. Nxb6 Nxb6 19. Qd6 Nd7 20.
Raf1 b5 21. c4 Ra7 22. cxb5 axb5 23. Bxb5 f6 24. Rc1 Rb7 25. Rxc8 Rxc8 26. Qd5+
1-0

[Event "1A liga SSFBiH"]
[Site "Bosanska Krupa, hotel "]
[Date "2018.08.26"]
[Round "2.5"]
[White "Komadaric, Edin"]
[Black "Bajramovic, Halid"]
[Result "1/2-1/2"]
[WhiteElo "2096"]
[BlackElo "2107"]
[PlyCount "150"]
[EventDate "2018.08.25"]
[EventRounds "9"]
[EventCountry "BIH"]
[WhiteTeam "ŠK Banovici"]
[BlackTeam "ŠK Preporod, Zenica"]

1. e4 g6 2. d4 d6 3. c4 Bg7 4. Nc3 Nc6 5. Be3 Nf6 6. f3 O-O 7. Qd2 e5 8. d5 Ne7
9. O-O-O Nd7 10. g4 f6 11. h4 Rf7 12. Nge2 b6 13. Ng3 a5 14. Nb5 Nc5 15. h5 g5
16. h6 Bf8 17. Be2 Ng6 18. Nf5 Nf4 19. Bxf4 exf4 20. Nbd4 Bd7 21. Qc3 Qe8 22.
Kd2 Qe5 23. Ke1 a4 24. Kf2 Rb8 25. Qd2 Qe8 26. b4 Nb7 27. a3 Rd8 28. Qc2 Ra8
29. Nb5 Bc8 30. Nfd4 Nd8 31. Qd3 Rd7 32. Qc2 Re7 33. Nf5 Rf7 34. Rh5 Bxf5 35.
gxf5 Re7 36. Rh2 Nf7 37. Nd4 Ne5 38. b5 Kh8 39. Rg1 Rf7 40. Ne6 Qd7 41. Rgg2
Be7 42. Rh1 Bf8 43. Rgg1 Be7 44. Rb1 Rg8 45. Qxa4 Rff8 46. Ra1 Ra8 47. Qb4 g4
48. Nxf4 gxf3 49. Bxf3 Rg5 50. Qb3 Rag8 51. Rag1 Rxg1 52. Rxg1 Rxg1 53. Kxg1
Bf8 54. Ne6 Bxh6 55. Be2 Qc8 56. Qg3 Nf7 57. Qh3 Qa8 58. Qc3 Ne5 59. Kf2 Bg5
60. Nxg5 fxg5 61. Qh3 Qf8 62. Qh5 h6 63. Kg2 Kg7 64. Qh3 Kf6 65. a4 Qg7 66. Qh5
Ke7 67. Qh3 Nd7 68. Bf3 Nc5 69. f6+ Qxf6 70. Qc8 Nxa4 71. Qxc7+ Kf8 72. Qc8+
Kg7 73. Qd7+ Kg6 74. Qe8+ Kg7 75. Qd7+ Kg6 1/2-1/2

[Event "1A liga SSFBiH"]
[Site "Bosanska Krupa, hotel "]
[Date "2018.08.26"]
[Round "2.6"]
[White "Hadzic, Latif"]
[Black "Softic, Nusret"]
[Result "1-0"]
[WhiteElo "2053"]
[BlackElo "1879"]
[PlyCount "55"]
[EventDate "2018.08.25"]
[EventRounds "9"]
[EventCountry "BIH"]
[WhiteTeam "ŠK Preporod, Zenica"]
[BlackTeam "ŠK Banovici"]

1. e4 e5 2. Nf3 Nc6 3. d4 exd4 4. Bc4 Be7 5. c3 Nf6 6. e5 Ng4 7. cxd4 d6 8. h3
Nh6 9. Bxh6 gxh6 10. Nc3 dxe5 11. d5 Na5 12. Bd3 c6 13. Nxe5 cxd5 14. Bb5+ Kf8
15. Qh5 Be6 16. Qxh6+ Kg8 17. Rd1 Qd6 18. Nf3 Nc6 19. O-O Ne5 20. Nxe5 Qxe5 21.
Rfe1 Qf6 22. Qh5 Bb4 23. Re3 Bxc3 24. Rxc3 Kf8 25. Rf3 Qxb2 26. Bd7 Qb6 27. Re1
Ke7 28. Qxf7+ 1-0

[Event "1A liga SSFBiH"]
[Site "Bosanska Krupa, hotel "]
[Date "2018.08.26"]
[Round "3.2"]
[White "Terzic, Ilijas"]
[Black "Dizdar, Selim"]
[Result "1-0"]
[WhiteElo "2143"]
[BlackElo "2298"]
[PlyCount "173"]
[EventDate "2018.08.25"]
[EventRounds "9"]
[EventCountry "BIH"]
[WhiteTeam "ŠK Sarajevo"]
[BlackTeam "ŠK Preporod, Zenica"]

1. d4 Nf6 2. Nf3 e6 3. e3 c5 4. Bd3 Nc6 5. O-O d6 6. c4 e5 7. Nc3 Bg4 8. d5 Nb4
9. Bb1 Be7 10. h3 Bd7 11. a3 Na6 12. Nd2 Nc7 13. a4 g5 14. f4 exf4 15. Nde4 g4
16. hxg4 Nxg4 17. exf4 f5 18. Ng5 Bf6 19. Qe1+ Kf8 20. Ra3 Bd4+ 21. Kh1 Qf6 22.
Nb5 Nxb5 23. axb5 Re8 24. Qh4 Bf2 25. Qh5 h6 26. Ne6+ Rxe6 27. dxe6 Bxe6 28.
Rf3 Bd4 29. b3 Kg7 30. Bd3 a5 31. Bd2 b6 32. Rg3 Qf7 33. Qh4 Bf6 34. Qh3 h5 35.
Rgf3 h4 36. Be3 Ra8 37. Bg1 a4 38. bxa4 Rxa4 39. Rd1 Be7 40. Bf2 Qh5 41. Re1
Kf7 42. Bg1 Bf6 43. g3 Bc8 44. Be2 Bb7 45. gxh4 Be4 46. Bd1 Bb7 47. Bxa4 Bxf3+
48. Qxf3 Qxh4+ 49. Kg2 Qxe1 50. Bd1 Qd2+ 51. Be2 Kg6 52. Kh1 Qe1 53. Bd3 Qh4+
54. Kg2 Bd4 55. Qd5 Qf6 56. Qg8+ Qg7 57. Qe6+ Nf6 58. Bxd4 Kh5+ 59. Kf1 cxd4
60. Bxf5 Kh4 61. Qxd6 Ng4 62. Bxg4 Kxg4 63. Ke2 Qh7 64. Qxd4 Qc2+ 65. Ke3 Qc1+
66. Ke4 Qh1+ 67. Ke5 Qh8+ 68. Kd5 Qd8+ 69. Ke4 Qa8+ 70. Qd5 Qe8+ 71. Qe5 Qa8+
72. Kd4 Qd8+ 73. Kc3 Qf8 74. c5 bxc5 75. Kc4 Kf3 76. b6 Qc8 77. Qc7 Qa6+ 78.
Kxc5 Qa5+ 79. Kc6 Qa4+ 80. Kb7 Kg4 81. Kb8 Qe4 82. Qe5 Qc6 83. b7 Qd7 84. Qc7
Qa4 85. Qe5 Qa6 86. Qd5 Kxf4 87. Kc7 1-0

[Event "1A liga SSFBiH"]
[Site "Bosanska Krupa, hotel "]
[Date "2018.08.26"]
[Round "3.3"]
[White "Markovic, Dino"]
[Black "Gekic, Haris"]
[Result "0-1"]
[WhiteElo "2010"]
[BlackElo "2202"]
[PlyCount "66"]
[EventDate "2018.08.25"]
[EventRounds "9"]
[EventCountry "BIH"]
[WhiteTeam "ŠK Preporod, Zenica"]
[BlackTeam "ŠK Sarajevo"]

1. d4 Nf6 2. c4 e6 3. Nc3 Bb4 4. Qc2 O-O 5. Nf3 b6 6. a3 Bxc3+ 7. Qxc3 Ne4 8.
Qc2 Bb7 9. g3 f5 10. Bg2 Nc6 11. O-O Qf6 12. e3 g5 13. b4 g4 14. Ne5 Nxe5 15.
dxe5 Qg6 16. Bb2 Rf7 17. f4 gxf3 18. Bxf3 Rg7 19. Bxe4 Bxe4 20. Qf2 Bd3 21.
Rfc1 Qg4 22. Bd4 h5 23. Rc3 Be4 24. Kf1 h4 25. Ra2 hxg3 26. hxg3 Qd1+ 27. Qe1
Qf3+ 28. Qf2 Qh1+ 29. Qg1 Qh3+ 30. Ke1 Rxg3 31. Qh2 Qg4 32. Re2 Kg7 33. Qf2 Rg2
0-1

[Event "1A liga SSFBiH"]
[Site "Bosanska Krupa, hotel "]
[Date "2018.08.26"]
[Round "3.4"]
[White "Halilovic, Fahrudin"]
[Black "Bajramovic, Halid"]
[Result "0-1"]
[WhiteElo "2055"]
[BlackElo "2107"]
[PlyCount "48"]
[EventDate "2018.08.25"]
[EventRounds "9"]
[EventCountry "BIH"]
[WhiteTeam "ŠK Sarajevo"]
[BlackTeam "ŠK Preporod, Zenica"]

1. e4 d6 2. d4 Nf6 3. Nc3 g6 4. f4 Bg7 5. Nf3 O-O 6. e5 Ne8 7. h4 Bg4 8. h5
dxe5 9. fxe5 c5 10. hxg6 hxg6 11. Bh6 Nc6 12. Qc1 Bxf3 13. gxf3 Qxd4 14. Bxg7
Nxg7 15. f4 Nf5 16. Rh3 Kg7 17. Rd3 Qg1 18. Ne2 Qg4 19. Bh3 Qh4+ 20. Kf1 Ncd4
21. Nxd4 Nxd4 22. c3 c4 23. Rxd4 Qxh3+ 24. Ke2 Qg2+ 0-1

[Event "1A liga SSFBiH"]
[Site "Bosanska Krupa, hotel "]
[Date "2018.08.26"]
[Round "3.5"]
[White "Hadzic, Latif"]
[Black "Strinic, Halid"]
[Result "0-1"]
[WhiteElo "2053"]
[BlackElo "2116"]
[PlyCount "66"]
[EventDate "2018.08.25"]
[EventRounds "9"]
[EventCountry "BIH"]
[WhiteTeam "ŠK Preporod, Zenica"]
[BlackTeam "ŠK Sarajevo"]

1. e4 c5 2. Nf3 d6 3. Bb5+ Nd7 4. O-O a6 5. Bxd7+ Bxd7 6. Qe2 e5 7. d3 h6 8.
Be3 Nf6 9. Nc3 Be7 10. a4 b5 11. h3 b4 12. Nd5 Nxd5 13. exd5 f5 14. Ne1 O-O 15.
f4 exf4 16. Bxf4 g5 17. Bd2 Bf6 18. c3 a5 19. Nf3 Kg7 20. Kh1 Qb6 21. Be1 Rae8
22. Qc2 Qb7 23. c4 Bc8 24. Bf2 Qf7 25. Rae1 g4 26. Ng1 f4 27. Rxe8 Rxe8 28. Be1
Be5 29. b3 Qg6 30. Ne2 Rf8 31. Qd2 gxh3 32. gxh3 Bxh3 33. Rg1 Bg4 0-1

[Event "1A liga SSFBiH"]
[Site "Bosanska Krupa, hotel "]
[Date "2018.08.26"]
[Round "3.6"]
[White "Omanovic, Vahidin"]
[Black "Redzepi, Mehmedalija"]
[Result "1-0"]
[WhiteElo "2017"]
[BlackElo "1883"]
[PlyCount "113"]
[EventDate "2018.08.25"]
[EventRounds "9"]
[EventCountry "BIH"]
[WhiteTeam "ŠK Sarajevo"]
[BlackTeam "ŠK Preporod, Zenica"]

1. Nf3 Nf6 2. c4 g6 3. d4 Bg7 4. Nc3 d6 5. Bf4 Nh5 6. Bg5 h6 7. Bh4 g5 8. Bg3
f5 9. e3 Be6 10. Bd3 Qd7 11. Qb3 b6 12. Qc2 Qc8 13. h4 g4 14. Nd2 O-O 15. Ne2
Bd7 16. f4 Nc6 17. O-O Nb4 18. Qb3 Nxd3 19. Qxd3 e6 20. b4 d5 21. Rfc1 Qa6 22.
a4 c6 23. Be1 Qb7 24. c5 bxc5 25. bxc5 Bc8 26. Rcb1 Qa6 27. Nc1 Nf6 28. Qc3 h5
29. Nd3 Bd7 30. Nb4 Qe2 31. Rb2 g3 32. Nf3 Qc4 33. Ne5 Qxc3 34. Bxc3 Rfc8 35.
Na6 Be8 36. Rb7 Ne4 37. Be1 Bxe5 38. fxe5 Rd8 39. Rab1 Rd7 40. Nc7 Rc8 41. Nxe6
Rxb7 42. Rxb7 a5 43. Kf1 Bf7 44. Nf4 Re8 45. Rd7 Rc8 46. Rb7 Be8 47. Ke2 Ra8
48. Kf3 Bf7 49. Ne2 Bg6 50. Rb2 Be8 51. Bxg3 Kf7 52. Be1 Kg6 53. Rb7 Rc8 54.
Nf4+ Kh6 55. Ne6 Kg6 56. Nf8+ Kh6 57. Rh7# 1-0

[Event "1A liga SSFBiH"]
[Site "Bosanska Krupa, hotel "]
[Date "2018.08.26"]
[Round "3.1"]
[White "Vajic, Goran"]
[Black "Buljubasic, Sabahudin"]
[Result "1/2-1/2"]
[WhiteElo "2280"]
[BlackElo "2291"]
[PlyCount "49"]
[EventDate "2018.08.25"]
[EventRounds "9"]
[EventCountry "BIH"]
[WhiteTeam "ŠK Bihac"]
[BlackTeam "ŠK Banovici"]

1. e4 c5 2. Nc3 e6 3. f4 d5 4. exd5 exd5 5. Bb5+ Nc6 6. Qe2+ Be7 7. Nf3 Nf6 8.
Ne5 Bd7 9. Bxc6 Bxc6 10. Nxc6 bxc6 11. O-O O-O 12. b3 Re8 13. Qf3 Bf8 14. d3
Rb8 15. Na4 Qe7 16. Bb2 d4 17. Ba3 Qe2 18. Rac1 Qxf3 19. Rxf3 Nd5 20. Rf2 Rb5
21. g3 Ra5 22. Ra1 Nb6 23. Nxb6 axb6 24. Bb2 Ra7 25. Kf1 1/2-1/2

[Event "1A liga SSFBiH"]
[Site "Bosanska Krupa, hotel "]
[Date "2018.08.26"]
[Round "3.2"]
[White "Avdic, Adnan"]
[Black "Trkulja, Goran"]
[Result "1/2-1/2"]
[WhiteElo "2203"]
[BlackElo "2295"]
[PlyCount "134"]
[EventDate "2018.08.25"]
[EventRounds "9"]
[EventCountry "BIH"]
[WhiteTeam "ŠK Banovici"]
[BlackTeam "ŠK Bihac"]

1. e4 e6 2. d4 d5 3. Nd2 Nf6 4. e5 Nfd7 5. Bd3 c5 6. c3 Nc6 7. Ne2 cxd4 8. cxd4
Nb6 9. O-O Bd7 10. Nf3 Be7 11. Bd2 a5 12. Rc1 a4 13. Bc3 Nb4 14. Bb1 Bb5 15.
Re1 Bc4 16. b3 axb3 17. axb3 Bb5 18. Qd2 Nc6 19. Ng3 h5 20. Bd3 Bxd3 21. Qxd3
Nd7 22. Ra1 Rc8 23. Qb5 Qb6 24. Qxb6 Nxb6 25. Rec1 g5 26. Ne2 Kd7 27. Bd2 Rhg8
28. Kf1 Na8 29. Ne1 Nc7 30. Nd3 Nb5 31. Be3 b6 32. Ra6 Kc7 33. Nc3 Kb7 34. Ra4
Nxc3 35. Rxc3 Na5 36. Rxc8 Rxc8 37. b4 Rc4 38. Ra1 Nb3 39. Ra4 Na5 40. f4 g4
41. f5 Nc6 42. fxe6 fxe6 43. Nf4 Nxd4 44. Nxh5 Nc2 45. Bd2 Re4 46. Nf6 Rxe5 47.
Nxg4 Re4 48. Nf2 Rd4 49. Ke2 Bd6 50. h3 e5 51. g4 Rc4 52. g5 Nd4+ 53. Kd1 Nf5
54. Ng4 d4 55. Nf2 Ng3 56. g6 Rc8 57. Ra3 e4 58. Rxg3 Bxg3 59. Nxe4 Be5 60. h4
Rh8 61. Bg5 Kc6 62. Bf6 Bxf6 63. Nxf6 Rxh4 64. g7 Rh1+ 65. Kd2 Rg1 66. g8=Q
Rxg8 67. Nxg8 Kb5 1/2-1/2

[Event "1A liga SSFBiH"]
[Site "Bosanska Krupa, hotel "]
[Date "2018.08.26"]
[Round "3.3"]
[White "Rajic, Ivan"]
[Black "Jovanovic, Nenad"]
[Result "1-0"]
[WhiteElo "2012"]
[BlackElo "2069"]
[PlyCount "69"]
[EventDate "2018.08.25"]
[EventRounds "9"]
[EventCountry "BIH"]
[WhiteTeam "ŠK Bihac"]
[BlackTeam "ŠK Banovici"]

1. e4 c5 2. Nf3 Nf6 3. e5 Nd5 4. c4 Nb6 5. b3 g6 6. Bb2 Bg7 7. Qc2 O-O 8. d4
cxd4 9. Bxd4 Nc6 10. Bc3 d6 11. exd6 Qxd6 12. Bxg7 Kxg7 13. Be2 Bf5 14. Qc3+
Qf6 15. O-O e5 16. Rd1 Rad8 17. Na3 Nd4 18. Qe3 Rfe8 19. h3 Nxf3+ 20. Bxf3 e4
21. Be2 a6 22. Nc2 g5 23. Qg3 h6 24. Ne3 Bg6 25. Qc7 Rxd1+ 26. Rxd1 Re7 27. Qd8
Re6 28. c5 Qb2 29. Kf1 Qxa2 30. cxb6 Rf6 31. Ng4 Rc6 32. Qd4+ Kf8 33. Qh8+ Ke7
34. Qd8+ Ke6 35. Qd7# 1-0

[Event "1A liga SSFBiH"]
[Site "Bosanska Krupa, hotel "]
[Date "2018.08.26"]
[Round "3.4"]
[White "Rahmanovic, Mesan"]
[Black "Arnaut, Armin"]
[Result "0-1"]
[WhiteElo "1925"]
[BlackElo "2070"]
[PlyCount "68"]
[EventDate "2018.08.25"]
[EventRounds "9"]
[EventCountry "BIH"]
[WhiteTeam "ŠK Banovici"]
[BlackTeam "ŠK Bihac"]

1. e4 c5 2. g3 Nc6 3. Bg2 g6 4. c3 Bg7 5. d3 d6 6. Ne2 Nf6 7. O-O O-O 8. f4 Rb8
9. Na3 Nd7 10. Nc4 b5 11. Ne3 b4 12. d4 cxd4 13. cxd4 Ba6 14. d5 Bxe2 15. Qxe2
Nd4 16. Qd1 Qb6 17. Kh1 Rfc8 18. Qd2 Rc7 19. Rb1 b3 20. axb3 Nxb3 21. Qe2 Qb4
22. Nc2 Qc5 23. Na3 Nxc1 24. Qd1 Bxb2 25. Bh3 Bxa3 26. Rxb8+ Nxb8 27. Qa4 Kf8
28. f5 Qb4 29. Qd1 Qxe4+ 30. Bg2 Qe2 31. Qd4 Bb2 32. Qh4 Rc2 33. Rg1 Nd3 34. h3
Kg7 0-1

[Event "1A liga SSFBiH"]
[Site "Bosanska Krupa, hotel "]
[Date "2018.08.26"]
[Round "3.5"]
[White "Stankovic, Dragan"]
[Black "Komadaric, Edin"]
[Result "0-1"]
[WhiteElo "1924"]
[BlackElo "2096"]
[PlyCount "92"]
[EventDate "2018.08.25"]
[EventRounds "9"]
[EventCountry "BIH"]
[WhiteTeam "ŠK Bihac"]
[BlackTeam "ŠK Banovici"]

1. e4 d5 2. exd5 Nf6 3. d4 Nxd5 4. c4 Nb6 5. Nc3 c6 6. Nf3 Bg4 7. Be3 e6 8. h3
Bh5 9. a3 N8d7 10. c5 Nd5 11. Nxd5 exd5 12. Be2 Be7 13. O-O O-O 14. b4 Nf6 15.
Nd2 Bg6 16. a4 Ne4 17. Nxe4 dxe4 18. b5 f5 19. f4 Bf7 20. Qc2 Bf6 21. Rad1 Qd5
22. Rd2 Rad8 23. Rc1 h6 24. Bc4 Qd7 25. Qb3 Bd5 26. Rb1 Qe6 27. Bxd5 Rxd5 28.
Qc4 g5 29. bxc6 bxc6 30. g3 Rf7 31. Rb8+ Kh7 32. Qa6 Rc7 33. Rb7 Rxb7 34. Qxb7+
Rd7 35. Qb4 Qf7 36. Rf2 Rb7 37. Qd2 Rb1+ 38. Kg2 Kg6 39. g4 fxg4 40. hxg4 Qb3
41. fxg5 hxg5 42. a5 Rd1 43. Rxf6+ Kxf6 44. Qf2+ Kg7 45. Qf5 Qd5 46. Qc8 Qf7
0-1